000 00586nam a22001817a 4500
005 20240130101523.0
008 240130b |||||||| |||| 00| 0 eng d
020 _a9780409129212 ; 9780409077771
041 _aEnglish
082 _a344.5 DAV
100 _aDavey, R and Dahms-Jansen, L
_lEnglish
245 _aSocial Media in the Workplace /
_cR Davey and L Dahms-Jansen
250 _aFirst Edition
260 _aDurban :
_bLexisNexis (Pty) Ltd,
_c2017
300 _bx, 342 pages ;
_c25 cm.
650 _aLegal practice
_bLaw
942 _cBK
_6ALISON_BN_VRUES
999 _c1298
_d1298